000 01182nam a2200325 c 4500
001 17518
003 ES-MaCES
005 20160629131905.0
008 050506s2005 lu d t m000 | spa d
035 _aCES20050004307m
040 _aES-MaCES
_bspa
_cES-MaCES
110 2 _92014
_aComisión de las Comunidades Europeas
245 1 0 _aRevisión en 2005 de la Estrategia de la Unión Euoropea para un desarrollo sostenible
_b: primer balance y orientaciones futuras : SEC(2005)225
_cComunicación de la Comisión al Consejo y al Parlamento Europeo
260 _aLuxemburgo
_bOficina de Publicaciones Oficiales de las Comunidades Europeas
_c2005
300 _a24 p.
_c30 cm
490 1 _aCOM(05)
_v37 final
500 _aTít. tomado de la cub.
541 _cSuscripción conjunta
650 4 _adesarrollo sostenible
_930785
650 4 _apolítica comunitaria
_930776
650 4 _a2005
_931686
650 4 _abalance
_930786
650 4 _aplan de acción
_930406
653 1 0 _aMedio ambiente
650 4 _926752
_aUE
830 0 _aCOM(05)
_v37 final
_934085
902 _aDOC Literatura gris
942 _2CES
_cBK
_h4.2.
999 _c17518
_d17518